Research Methods and Statistics in Psychology (Record no. 6560)

MARC details
000 -LEADER
fixed length control field 01057cam a22003017a 4500
001 - CONTROL NUMBER
control field 13119679
003 - CONTROL NUMBER IDENTIFIER
control field OSt
005 - DATE AND TIME OF LATEST TRANSACTION
control field 20200203102219.0
008 - FIXED-LENGTH DATA ELEMENTS--GENERAL INFORMATION
fixed length control field 980825s1999 enka b 001 0 eng
010 ## - LIBRARY OF CONGRESS CONTROL NUMBER
LC control number 2003428940
020 ## - INTERNATIONAL STANDARD BOOK NUMBER
International Standard Book Number 9780340983447
035 ## - SYSTEM CONTROL NUMBER
System control number (OCoLC)ocm40752857
040 ## - CATALOGING SOURCE
Original cataloging agency UKM
Transcribing agency DDC
Modifying agency UKM
-- C#P
-- OCL
-- MUQ
-- DLC
082 04 - DEWEY DECIMAL CLASSIFICATION NUMBER
Classification number 150.072 Coo 2009.
100 1# - MAIN ENTRY--PERSONAL NAME
Personal name Coolican, Hugh.
9 (RLIN) 5175
245 10 - TITLE STATEMENT
Title Research Methods and Statistics in Psychology
250 ## - EDITION STATEMENT
Edition statement 5th ed.
260 ## - PUBLICATION, DISTRIBUTION, ETC. (IMPRINT)
Place of publication, distribution, etc. London;
Name of publisher, distributor, etc. Hodder Education.
Date of publication, distribution, etc. 2009
300 ## - PHYSICAL DESCRIPTION
Extent ix,703p
Other physical details ill. ;
Dimensions 25 cm.
504 ## - BIBLIOGRAPHY, ETC. NOTE
Bibliography, etc Includes Appendix,l references and index.
650 #0 - SUBJECT ADDED ENTRY--TOPICAL TERM
Topical term or geographic name as entry element Psychology
9 (RLIN) 5176
650 #0 - SUBJECT ADDED ENTRY--TOPICAL TERM
Topical term or geographic name as entry element Research methods
9 (RLIN) 5177
856 42 - ELECTRONIC LOCATION AND ACCESS
Materials specified Publisher description
Uniform Resource Identifier <a href="http://www.loc.gov/catdir/enhancements/fy0637/2003428940-d.html">http://www.loc.gov/catdir/enhancements/fy0637/2003428940-d.html</a>
856 41 - ELECTRONIC LOCATION AND ACCESS
Materials specified Table of contents only
Uniform Resource Identifier <a href="http://www.loc.gov/catdir/enhancements/fy0637/2003428940-t.html">http://www.loc.gov/catdir/enhancements/fy0637/2003428940-t.html</a>
906 ## - LOCAL DATA ELEMENT F, LDF (RLIN)
a 7
b cbc
c copycat
d 2
e ncip
f 20
g y-gencatlg
942 ## - ADDED ENTRY ELEMENTS (KOHA)
Source of classification or shelving scheme Other/Generic Classification Scheme
Koha item type Open Shelf
Holdings
Withdrawn status Lost status Source of classification or shelving scheme Damaged status Not for loan Home library Current library Date acquired Source of acquisition Inventory number Total Checkouts Full call number Barcode Date last seen Koha item type Date last checked out Price effective from
    Dewey Decimal Classification     MUST Main Library MUST Main Library 03/02/2020 Donation 14/37751   150.072 Coo 2009. 2020-0287 03/02/2020 Open Shelf    
    Dewey Decimal Classification     MUST Main Library MUST Main Library 03/02/2020 Donation 11/34820 1 150.072 Coo 2009. 2020-0288 03/02/2022 Open Shelf 24/01/2022  
    Dewey Decimal Classification     MUST Main Library MUST Main Library 03/02/2020 Donation 14/37753   150.072 Coo 2009. 2020-0289 03/02/2020 Open Shelf    
    Dewey Decimal Classification     MUST Main Library MUST Main Library 03/02/2020 Donation 11/34920   150.072 Coo 2009. 2020-0290 03/02/2020 Open Shelf    
    Dewey Decimal Classification     MUST Main Library MUST Main Library 03/02/2020 Donation 14/37754   150.072 Coo 2009. 2020-0291 03/02/2020 Open Shelf    
    Dewey Decimal Classification     MUST Main Library MUST Main Library 03/02/2020 Donation 14/37755   150.072 Coo 2009. 2020-0292 03/02/2020 Open Shelf    
    Dewey Decimal Classification     MUST Main Library MUST Main Library 03/02/2020 Donation 14/37752   150.072 Coo 2009. 2020-0293 03/02/2020 Open Shelf    
    Dewey Decimal Classification     MUST Main Library MUST Main Library 24/02/2020 Donation 14/37757   150.072 Coo 2009. 2020-0564 24/02/2020 Open Shelf   24/02/2020
    Dewey Decimal Classification     MUST Main Library MUST Main Library 07/03/2022 Donation 14/37756   150.072 Coo 2009. 2022-0423 07/03/2022 Open Shelf   07/03/2022